| 000 | 00474nam a2200181Ia 4500 | ||
|---|---|---|---|
| 003 | LK-CoDNM | ||
| 005 | 20240920145812.0 | ||
| 008 | 010623t1932 xxu||||| |||| 00| 1 eng d | ||
| 040 |
_aLK-CoDNM _dLK-CoDNM _eLK-CoDNM |
||
| 041 | _aeng | ||
| 080 |
_a15 _bD15.2 |
||
| 100 | _aJayewardene,Lionel. | ||
| 245 | _aA Digest of Ceylon Cases Reported during the years 1930-1931 | ||
| 260 |
_bFrewin Co. _aColombo _c1932 |
||
| 300 | _b62p. : 24 cm | ||
| 650 | _aLaw | ||
| 942 | _cBK | ||
| 999 |
_c96098 _d96098 |
||